[Event "TCh-NOR Elite 2023-24"]
[Site "Oslo NOR"]
[Date "2023.10.27"]
[Round "1.11"]
[White "Sklyarov, Dmitry V."]
[Black "Hauge, Lars Oskar"]
[Result "1/2-1/2"]
[WhiteTitle "IM"]
[BlackTitle "GM"]
[WhiteElo "2447"]
[BlackElo "2481"]
[WhiteTeam "Alta"]
[BlackTeam "OSS"]
[WhiteFideId "4157052"]
[BlackFideId "1509276"]
[EventDate "2023.10.27"]
[EventType "team"]

1. Nf3 Nf6 2. g3 e6 3. Bg2 d5 4. O-O b5 5. d3 Bb7 6. Nbd2 Be7 7. e4 c5 8. Re1
Nc6 9. exd5 exd5 10. c3 O-O 11. Nb3 a6 12. Be3 Nd7 13. Bh3 d4 14. cxd4 cxd4 15.
Nbxd4 Nxd4 16. Bxd4 Bf6 17. Bg2 Bxd4 18. Nxd4 Bxg2 19. Kxg2 Nc5 20. Nc6 Qd5+ 21.
Qf3 Qxf3+ 22. Kxf3 Nxd3 23. Re2 Rfe8 24. b3 Kf8 25. Rd1 Rac8 1/2-1/2

[Event "TCh-NOR Elite 2023-24"]
[Site "Oslo NOR"]
[Date "2023.10.27"]
[Round "1.12"]
[White "Mitusov, Semen"]
[Black "Mikalsen, Erlend"]
[Result "1-0"]
[WhiteTitle "IM"]
[BlackTitle "IM"]
[WhiteElo "2487"]
[BlackElo "2338"]
[WhiteTeam "OSS"]
[BlackTeam "Alta"]
[WhiteFideId "14151049"]
[BlackFideId "1507338"]
[EventDate "2023.10.27"]
[EventType "team"]

1. e4 c5 2. Nf3 d6 3. d4 cxd4 4. Nxd4 Nf6 5. Nc3 Nc6 6. Bg5 e6 7. Qd2 a6 8. Nxc6
bxc6 9. O-O-O Be7 10. Bxf6 gxf6 11. Bc4 Qa5 12. Rhe1 Bb7 13. f4 d5 14. Bb3 O-O-O
15. Qe3 Bb4 16. exd5 exd5 17. Re2 Bxc3 18. Qxc3 Qxc3 19. bxc3 Rhe8 20. Rxe8 Rxe8
21. c4 Re2 22. cxd5 cxd5 23. Rd2 Rxd2 24. Kxd2 Kd7 25. Kd3 Kd6 26. Kd4 h6 27. g3
a5 28. c4 dxc4 29. Bxc4 Bc8 30. Bxf7 Bh3 31. a3 Bf5 32. Kc4 Bd7 33. Bd5 Bh3 34.
Be4 Bd7 35. Bf3 Be8 36. Bg4 Bc6 37. Bf5 Be8 38. h4 Ba4 39. g4 Bc6 40. h5 Ba4 41.
Bg6 Bd1 42. g5 fxg5 43. fxg5 Ke7 44. gxh6 Kf8 45. Kb5 a4 46. Kb4 Kg8 47. Kc3 Kh8
48. Bc2 Bxh5 49. Kb4 Be8 50. Bxa4 Bg6 51. Kc3 Bf5 52. Bc2 1-0

[Event "TCh-NOR Elite 2023-24"]
[Site "Oslo NOR"]
[Date "2023.10.27"]
[Round "1.13"]
[White "Nielsen, Andre"]
[Black "Ingebretsen, Jens E"]
[Result "1/2-1/2"]
[WhiteTitle "FM"]
[BlackTitle "IM"]
[WhiteElo "2263"]
[BlackElo "2402"]
[WhiteTeam "Alta"]
[BlackTeam "OSS"]
[WhiteFideId "1518240"]
[BlackFideId "1522965"]
[EventDate "2023.10.27"]
[EventType "team"]

1. e4 c5 2. Nf3 Nc6 3. d4 cxd4 4. Nxd4 Nf6 5. Nc3 e5 6. Ndb5 d6 7. Bg5 a6 8. Na3
b5 9. Nd5 Be7 10. Bxf6 Bxf6 11. c3 Rb8 12. Nc2 Bg5 13. g3 O-O 14. h4 Bh6 15. Bh3
Be6 16. Qd3 Rb7 17. Rd1 Rd7 18. a4 Qb8 19. axb5 axb5 20. Kf1 Na5 21. Kg2 Nc4 22.
Rb1 Qb7 23. Rhd1 Kh8 24. b3 Na5 25. Na3 Rb8 26. b4 Nc6 27. Ra1 g6 28. h5 Kg7 29.
Rh1 f5 30. hxg6 hxg6 31. exf5 gxf5 32. Bxf5 Nxb4 33. cxb4 Qxd5+ 34. Qxd5 Bxd5+
35. f3 Rf7 36. g4 Bc6 37. Rad1 Rd8 38. Rh5 Bf4 39. Rh7+ Kf6 40. Rxf7+ Kxf7 41.
Bd3 Rb8 42. Be4 Bxe4 43. fxe4 Ke7 44. Rd5 Rg8 45. Kf3 Rf8 46. Ke2 Rg8 47. Nxb5
Rxg4 48. Nxd6 Rg2+ 49. Kd3 Ke6 50. Nc4 Rg3+ 51. Kc2 Rg2+ 52. Kc3 Re2 53. Kd3 Re1
54. Rd6+ Ke7 55. Rc6 Rb1 56. Rc7+ Kd8 57. Rb7 Rd1+ 58. Kc3 Bg3 59. Rg7 Be1+ 60.
Kc2 Rd4 61. Nxe5 Rxe4 62. Nf7+ Kd7 63. b5 Rb4 64. Ne5+ Kd6 65. Nd3 Rc4+ 66. Kd1
Ba5 67. Ra7 Bb6 68. Rb7 Ba5 69. b6 Rc6 70. Ke2 1/2-1/2

[Event "TCh-NOR Elite 2023-24"]
[Site "Oslo NOR"]
[Date "2023.10.27"]
[Round "1.14"]
[White "Al-Tarboush, Ward"]
[Black "Skaar, Ben Samuel Groth"]
[Result "1/2-1/2"]
[WhiteTitle "FM"]
[WhiteElo "2277"]
[BlackElo "2032"]
[WhiteTeam "OSS"]
[BlackTeam "Alta"]
[WhiteFideId "7601450"]
[BlackFideId "1552660"]
[EventDate "2023.10.27"]
[EventType "team"]

1. e4 c5 2. Nf3 Nc6 3. d4 cxd4 4. Nxd4 Nf6 5. Nc3 e5 6. Ndb5 d6 7. Bg5 a6 8. Na3
b5 9. Nd5 Be7 10. Bxf6 Bxf6 11. c3 Ne7 12. Nc2 Nxd5 13. Qxd5 Rb8 14. a4 Bb7 15.
Qd3 bxa4 16. Be2 O-O 17. O-O Qd7 18. Ne3 Bc6 19. Ra2 Bb5 20. c4 Bc6 21. Bg4 Qb7
22. Nd5 Bxd5 23. exd5 Bd8 24. Rxa4 a5 25. Rb1 Qb3 26. Qxb3 Rxb3 27. Bd7 Bb6 28.
Ra3 Rxa3 29. bxa3 Rb8 30. Kf1 Ba7 31. Bb5 Bc5 32. Rb3 f5 33. Ke2 Kf7 34. Rf3 Kf6
35. g4 f4 36. h4 h5 37. g5+ Kf5 38. Rb3 Rb7 39. f3 e4 40. a4 Re7 41. Bc6 Bb4 42.
Kf2 Bc5+ 43. Ke2 exf3+ 44. Kxf3 Re1 45. Bd7+ Ke5 46. Be8 Rh1 47. Rb7 Rh3+ 48.
Kg2 Rxh4 49. Re7+ Kf5 50. Bd7+ Kxg5 51. Rxg7+ Kf6 52. Rg8 f3+ 53. Kxf3 Rxc4 54.
Ra8 Bb4 55. Rh8 h4 1/2-1/2

[Event "TCh-NOR Elite 2023-24"]
[Site "Oslo NOR"]
[Date "2023.10.27"]
[Round "1.15"]
[White "Hammari, Vinjar"]
[Black "Melaa, Sondre"]
[Result "0-1"]
[WhiteElo "1997"]
[BlackElo "2285"]
[WhiteTeam "Alta"]
[BlackTeam "OSS"]
[WhiteFideId "1552007"]
[BlackFideId "1530470"]
[EventDate "2023.10.27"]
[EventType "team"]

1. d4 Nf6 2. c4 e6 3. Nf3 d5 4. Nc3 a6 5. cxd5 exd5 6. Bg5 Be6 7. e3 Nbd7 8. Be2
Bd6 9. O-O c6 10. Rb1 Qc7 11. Qc2 O-O 12. Bh4 Rfe8 13. Bg3 Bxg3 14. hxg3 Bg4 15.
Rfc1 Qd6 16. Na4 Ne4 17. Nd2 Bxe2 18. Nxe4 dxe4 19. Qxe2 Nf6 20. Nc5 Re7 21. b4
Qd5 22. a4 Qf5 23. Kf1 Ng4 24. Ke1 Rd8 25. b5 axb5 26. axb5 g6 27. bxc6 bxc6 28.
Rb3 Ra8 29. f3 Nf6 30. Rcb1 Kg7 31. Kf2 exf3 32. gxf3 Ng4+ 33. Kg1 Rxe3 34. Rxe3
Qxb1+ 35. Qe1 Ra1 36. fxg4 Qxe1+ 37. Rxe1 Rxe1+ 38. Kf2 Re7 39. g5 f6 40. gxf6+
Kxf6 41. Kf3 h5 0-1

[Event "TCh-NOR Elite 2023-24"]
[Site "Oslo NOR"]
[Date "2023.10.27"]
[Round "1.16"]
[White "Eliseev, Sergey"]
[Black "Mikalsen, Harald"]
[Result "1-0"]
[WhiteElo "2131"]
[BlackElo "1944"]
[WhiteTeam "OSS"]
[BlackTeam "Alta"]
[WhiteFideId "1534734"]
[BlackFideId "1511564"]
[EventDate "2023.10.27"]
[EventType "team"]

1. e4 e5 2. Nf3 Nf6 3. Nxe5 d6 4. Nf3 Nxe4 5. Nc3 Nxc3 6. dxc3 Be7 7. Be3 Bg4 8.
h3 Be6 9. Bd3 Nd7 10. Nd4 Nc5 11. Nxe6 Nxe6 12. Qg4 Bf6 13. O-O-O Qd7 14. Rhe1
h5 15. Qb4 c5 16. Qb3 O-O 17. Qd5 g6 18. f4 Kg7 19. g4 hxg4 20. hxg4 Qc6 21. Be4
Qa4 22. g5 Be7 23. f5 Nxg5 24. f6+ Bxf6 25. Bxg5 Be5 26. Rh1 Rh8 27. Rdf1 Raf8
28. Qxe5+ 1-0

[Event "TCh-NOR Elite 2023-24"]
[Site "Oslo NOR"]
[Date "2023.10.27"]
[Round "1.21"]
[White "Ostenstad, Berge"]
[Black "Can, Isik"]
[Result "1/2-1/2"]
[WhiteTitle "GM"]
[BlackTitle "IM"]
[WhiteElo "2427"]
[BlackElo "2493"]
[WhiteTeam "Asker"]
[BlackTeam "SK 1911"]
[WhiteFideId "1500058"]
[BlackFideId "6383742"]
[EventDate "2023.10.27"]
[EventType "team"]

1. Nf3 Nf6 2. c4 g6 3. Nc3 Bg7 4. e4 e5 5. Nxe5 O-O 6. Nf3 Re8 7. d3 d5 8. cxd5
Nxd5 9. Nxd5 Qxd5 10. Be2 Qd6 11. h3 c5 12. O-O Nc6 13. Rb1 Be6 14. b3 Nd4 15.
Nxd4 Bxd4 16. Bg4 Rad8 17. Bxe6 Rxe6 18. Qc2 Bf6 19. Rd1 Rxe4 20. Be3 Re6 21.
Qxc5 Qxc5 22. Bxc5 Re2 1/2-1/2

[Event "TCh-NOR Elite 2023-24"]
[Site "Oslo NOR"]
[Date "2023.10.27"]
[Round "1.22"]
[White "Isik, Alparslan"]
[Black "Miezis, Normunds"]
[Result "1-0"]
[WhiteTitle "IM"]
[BlackTitle "GM"]
[WhiteElo "2452"]
[BlackElo "2391"]
[WhiteTeam "SK 1911"]
[BlackTeam "Asker"]
[WhiteFideId "34506896"]
[BlackFideId "11600136"]
[EventDate "2023.10.27"]
[EventType "team"]

1. d4 Nf6 2. c4 e6 3. Nf3 Bb4+ 4. Nbd2 O-O 5. a3 Be7 6. e4 d6 7. Be2 Nbd7 8. Qc2
e5 9. Nb1 exd4 10. Nxd4 Re8 11. Nc3 Nc5 12. f3 Nh5 13. O-O Bf6 14. Rd1 Be5 15.
g3 Qf6 16. Be3 Qg6 17. Bf1 c6 18. Bg2 Nf6 19. Nde2 h5 20. b4 Ne6 21. f4 Ng4 22.
Bc1 Bxc3 23. Nxc3 Nf8 24. Qd3 h4 25. h3 Nf6 26. g4 Bxg4 27. hxg4 Nxg4 28. Qf3
Rad8 29. f5 Qh5 30. Bh3 Nf6 31. Qxh5 Nxh5 32. Bg5 f6 33. Bxh4 Nd7 34. Bg4 Nf4
35. Bg3 Ne5 36. Bxf4 Nxg4 37. Rxd6 Rxd6 38. Bxd6 Ne3 39. c5 Nc4 40. Kf2 Kf7 41.
Rh1 b5 42. Ra1 a5 43. bxa5 Nxa5 44. Rb1 Rh8 45. Kg3 g6 46. a4 bxa4 47. Nxa4 gxf5
48. exf5 Rh5 49. Kg4 Rg5+ 50. Kf4 Rh5 51. Nc3 Rh4+ 52. Kf3 Rh3+ 53. Bg3 Rh5 54.
Kg4 Rg5+ 55. Kf4 Rh5 56. Ne4 Ke7 1-0

[Event "TCh-NOR Elite 2023-24"]
[Site "Oslo NOR"]
[Date "2023.10.27"]
[Round "1.23"]
[White "Sahl, Bjarke"]
[Black "Risting, Eivind Olav"]
[Result "1-0"]
[WhiteTitle "IM"]
[BlackTitle "FM"]
[WhiteElo "2223"]
[BlackElo "2336"]
[WhiteTeam "Asker"]
[BlackTeam "SK 1911"]
[WhiteFideId "1400231"]
[BlackFideId "1517333"]
[EventDate "2023.10.27"]
[EventType "team"]

1. Nf3 d5 2. e3 Nf6 3. c4 e6 4. d4 b6 5. cxd5 exd5 6. Ne5 Bb7 7. Bd3 Bd6 8. O-O
O-O 9. Nc3 a6 10. f4 c5 11. Qf3 b5 12. a3 Qb6 13. dxc5 Bxc5 14. b4 Be7 15. Ne2
Nc6 16. Nxc6 Qxc6 17. Bb2 Ne4 18. Rac1 Qb6 19. Bd4 Qd8 20. Rfd1 Bf6 21. Bxe4
dxe4 22. Qg4 Bxd4 23. Nxd4 Qf6 24. Rc7 Bd5 25. Qg5 Qxg5 26. fxg5 Bc4 27. Nf5
Rfd8 28. Rxd8+ Rxd8 29. Nd6 Bd3 30. h4 Rf8 31. Ra7 g6 32. Rxa6 Rd8 33. Kh2 Kg7
34. Kg3 Bc4 35. Kf4 Bd3 36. Ke5 Rd7 37. Ra8 1-0

[Event "TCh-NOR Elite 2023-24"]
[Site "Oslo NOR"]
[Date "2023.10.27"]
[Round "1.24"]
[White "Vitenberg, Noam Aviv"]
[Black "Aulin-Jansson, Joran"]
[Result "1-0"]
[WhiteTitle "FM"]
[BlackTitle "FM"]
[WhiteElo "2335"]
[BlackElo "2100"]
[WhiteTeam "SK 1911"]
[BlackTeam "Asker"]
[WhiteFideId "1532138"]
[BlackFideId "1500279"]
[EventDate "2023.10.27"]
[EventType "team"]

1. d4 Nf6 2. c4 e6 3. Nf3 d5 4. Nc3 a6 5. cxd5 exd5 6. Bf4 Bd6 7. Be5 c6 8. Qc2
O-O 9. O-O-O Bb4 10. e3 Bg4 11. Bd3 Nbd7 12. Kb1 Re8 13. Bf4 Rc8 14. h3 Bh5 15.
g4 Bg6 16. Bxg6 hxg6 17. g5 Ne4 18. Nxe4 Rxe4 19. h4 Qe7 20. h5 Bd6 21. Bxd6
Qxd6 22. hxg6 Qxg6 23. Rh3 Ree8 24. Rdh1 Qxc2+ 25. Kxc2 Kf8 26. g6 fxg6 27. Nh4
c5 28. Rf3+ Ke7 29. Nxg6+ Kd6 30. dxc5+ Nxc5 31. Kb1 Ne6 32. Rd1 Rc4 33. Rf7 Rg4
34. Rd7+ Kxd7 35. Ne5+ Kd6 36. Nxg4 Rh8 37. Kc2 Rh4 38. Rg1 d4 39. Kd3 dxe3 40.
Kxe3 Rh3+ 41. Ke4 Nc5+ 42. Kf5 Rf3+ 43. Kg6 Nd3 44. Rd1 Kc5 45. Rd2 Kd4 46. Rc2
b5 47. Rd2 a5 48. a3 a4 49. Rc2 Rf4 50. Kg5 Rf7 51. Rd2 Rf3 52. Kg6 Ke4 53. Re2+
Kf4 54. Ne3 Ke4 55. Nd1+ Kd4 56. Kxg7 Rh3 57. Nc3 Rh5 58. Kf6 Kc4 59. Nd1 Rh1
60. Rd2 Rh3 61. Kf5 Rh8 62. Ke4 Re8+ 63. Kf3 Rd8 64. Ke3 Rd5 65. Rc2+ 1-0

[Event "TCh-NOR Elite 2023-24"]
[Site "Oslo NOR"]
[Date "2023.10.27"]
[Round "1.25"]
[White "Strand, Vetle Bjorge"]
[Black "Lindbol, Aleksander"]
[Result "1/2-1/2"]
[BlackTitle "CM"]
[WhiteElo "2133"]
[BlackElo "2226"]
[WhiteTeam "Asker"]
[BlackTeam "SK 1911"]
[WhiteFideId "1550071"]
[BlackFideId "1520644"]
[EventDate "2023.10.27"]
[EventType "team"]

1. e4 c6 2. d4 d5 3. exd5 cxd5 4. Bd3 Nc6 5. c3 Nf6 6. h3 e5 7. dxe5 Nxe5 8. Nf3
Nxd3+ 9. Qxd3 Be7 10. Be3 O-O 11. Nbd2 b6 12. O-O Bb7 13. Nd4 Re8 14. Nf5 Bf8
15. Bd4 g6 16. Bxf6 Qxf6 17. Nd4 Qf4 18. Rfe1 Bd6 19. Nf1 Re4 20. f3 Re5 21.
Rxe5 Bxe5 22. Re1 Qf6 23. Qe3 Bd6 24. g3 Rc8 25. Kg2 Bc5 26. Qd3 h5 27. h4 Rd8
28. Ne3 Bd6 29. Nec2 Bc8 30. Re3 Bc5 31. Qe2 Bd7 32. Re5 Kg7 33. Re3 Bd6 34. Ne1
g5 35. hxg5 Qxg5 36. Qf2 Rg8 37. f4 Qg4 38. Qf3 Kh8 39. Qxg4 Rxg4 40. Kf2 h4 41.
Nd3 f6 42. Rf3 Kg7 43. gxh4 Rxh4 44. Ke3 Kf7 45. a3 a5 46. Kd2 Rh2+ 47. Ke3 Bc8
48. Rf2 Rh3+ 49. Rf3 Rh1 50. Rg3 Ba6 51. Nf5 Bf8 52. Rg2 Rh5 53. Ng3 Rh3 54. Nf2
Rh7 55. Nf5 Bc8 56. Nd4 Bd6 57. Rg3 Rh2 58. Rf3 Ba6 59. Nf5 Bc5+ 60. Nd4 Bc8 61.
Kd3 a4 62. Ke3 Bf5 63. Rg3 Bd7 64. Rf3 Bd6 65. Nd3 Rh1 66. Nb4 Bc5 67. Nd3 Rh2
68. Rf2 Rh3+ 69. Rf3 Rh1 70. Rf2 Bg4 71. Nb4 Re1+ 72. Kd2 Rd1+ 73. Ke3 Re1+ 74.
Kd2 Rd1+ 75. Ke3 Re1+ 1/2-1/2

[Event "TCh-NOR Elite 2023-24"]
[Site "Oslo NOR"]
[Date "2023.10.27"]
[Round "1.26"]
[White "Kjolberg, Jens Hjorth"]
[Black "Diesen, Bruce"]
[Result "1-0"]
[WhiteTitle "CM"]
[BlackTitle "FM"]
[WhiteElo "2198"]
[BlackElo "2065"]
[WhiteTeam "SK 1911"]
[BlackTeam "Asker"]
[WhiteFideId "1508172"]
[BlackFideId "1500139"]
[EventDate "2023.10.27"]
[EventType "team"]

1. e4 e5 2. Nf3 Nc6 3. Bb5 a6 4. Ba4 Nf6 5. O-O Be7 6. d3 b5 7. Bb3 d6 8. a4 Rb8
9. axb5 axb5 10. Nc3 O-O 11. Nd5 Bg4 12. c3 Qd7 13. h3 Bh5 14. Ra6 Nd8 15. Be3
Nxd5 16. Bxd5 c6 17. Bb3 Kh8 18. g4 Bg6 19. Qe2 Ne6 20. Rfa1 Rb7 21. Ra8 Nc7 22.
Rxf8+ Bxf8 23. Nh4 d5 24. Kg2 Be7 25. Nxg6+ hxg6 26. Qf3 Kg8 27. d4 b4 28. exd5
cxd5 29. c4 exd4 30. Bxd4 Ne6 31. Ra8+ Bf8 32. Be3 d4 33. Bd2 Rb6 34. Bd1 Nc5
35. g5 Ne6 36. h4 Qc7 37. Qd5 Kh7 38. Bf3 Bd6 39. Qa5 Bf4 40. Bxb4 Bd6 1-0

[Event "TCh-NOR Elite 2023-24"]
[Site "Oslo NOR"]
[Date "2023.10.27"]
[Round "1.31"]
[White "Kvaloy, Aksel Bu"]
[Black "Notkevich, Benjamin Arvola"]
[Result "1-0"]
[WhiteTitle "IM"]
[BlackTitle "GM"]
[WhiteElo "2454"]
[BlackElo "2462"]
[WhiteTeam "Stavanger"]
[BlackTeam "Tromso"]
[WhiteFideId "1528815"]
[BlackFideId "1506536"]
[EventDate "2023.10.27"]
[EventType "team"]

1. e4 c5 2. Nf3 d6 3. d4 cxd4 4. Nxd4 Nf6 5. Nc3 a6 6. Bg5 e6 7. f4 Qb6 8. Qd2
Qxb2 9. Rb1 Qa3 10. f5 Nc6 11. fxe6 fxe6 12. Nxc6 bxc6 13. Be2 Be7 14. e5 dxe5
15. Bxf6 Bxf6 16. Bh5+ g6 17. O-O O-O 18. Ne4 Bg7 19. Rxf8+ Qxf8 20. Be2 a5 21.
a4 Qe7 22. Bc4 Ba6 23. Bxa6 Qa7+ 24. Kh1 Qxa6 25. h3 Rf8 26. Qd7 h6 27. Qxe6+
Kh7 28. Kh2 Qc8 29. Qe7 Qd8 30. Qa7 Qd4 31. Rb7 Qxa7 32. Rxa7 g5 33. g3 Rf3 34.
Kg2 Re3 35. Nd6 Rc3 36. Ne8 Kg8 37. Nxg7 e4 38. Nf5 Rxc2+ 39. Kf1 c5 40. Rxa5 c4
41. Nxh6+ Kf8 42. Rxg5 c3 43. Rc5 1-0

[Event "TCh-NOR Elite 2023-24"]
[Site "Oslo NOR"]
[Date "2023.10.27"]
[Round "1.32"]
[White "Vestby-Ellingsen, Mads"]
[Black "Gjestemoen-VonHirsch, Andre"]
[Result "1/2-1/2"]
[WhiteTitle "IM"]
[BlackTitle "FM"]
[WhiteElo "2336"]
[BlackElo "2295"]
[WhiteTeam "Tromso"]
[BlackTeam "Stavanger"]
[WhiteFideId "1520857"]
[BlackFideId "1539531"]
[EventDate "2023.10.27"]
[EventType "team"]

1. e4 c5 2. Nf3 Nc6 3. d4 cxd4 4. Nxd4 Nf6 5. Nc3 e5 6. Ndb5 d6 7. Bg5 a6 8. Na3
b5 9. Nab1 Be7 10. Bxf6 Bxf6 11. a4 b4 12. Nd5 Bg5 13. Bc4 O-O 14. O-O Na5 15.
Be2 Rb8 16. Nd2 g6 17. Nc4 f5 18. exf5 Bxf5 19. Nde3 Nxc4 20. Bxc4+ Kh8 21. Nxf5
Rxf5 22. Bxa6 Qb6 23. Bc4 Rxf2 24. Rxf2 Rf8 25. Kh1 Rxf2 26. Qd5 Kg7 27. a5 Qd8
28. a6 Bf4 29. Qe6 Qh4 30. Qh3 Qxh3 31. gxh3 Rxh2+ 32. Kg1 Rxc2 33. a7 Be3+ 34.
Kf1 Bxa7 35. Rxa7+ Kf6 36. b3 Rd2 37. Rb7 d5 38. Be2 e4 39. Rxb4 d4 40. Ke1 e3
41. Rb7 d3 42. Bxd3 Rxd3 43. Ke2 Rc3 44. Rxh7 Rxb3 45. Rh4 Kf5 46. Ra4 g5 47.
Rc4 Rb2+ 48. Kxe3 Rb3+ 49. Kf2 Rxh3 50. Kg2 Ra3 51. Rc5+ Kg4 1/2-1/2

[Event "TCh-NOR Elite 2023-24"]
[Site "Oslo NOR"]
[Date "2023.10.27"]
[Round "1.33"]
[White "Shehzad, Shazil"]
[Black "Lund, Gunnar"]
[Result "0-1"]
[WhiteTitle "FM"]
[BlackTitle "FM"]
[WhiteElo "2301"]
[BlackElo "2335"]
[WhiteTeam "Stavanger"]
[BlackTeam "Tromso"]
[WhiteFideId "1521942"]
[BlackFideId "1520814"]
[EventDate "2023.10.27"]
[EventType "team"]

1. e4 e5 2. Nf3 Nc6 3. Bb5 a6 4. Ba4 Nf6 5. O-O Be7 6. Re1 b5 7. Bb3 O-O 8. a4
Rb8 9. axb5 axb5 10. d3 d6 11. c3 Bg4 12. h3 Bh5 13. Nbd2 d5 14. Qe2 b4 15. Ba4
bxc3 16. bxc3 Rb6 17. Nf1 d4 18. g4 Nxg4 19. Ng3 Nf6 20. Nxh5 Nxh5 21. Bxc6 Rxc6
22. Nxe5 Re6 23. cxd4 Bb4 24. Be3 Bxe1 25. Rxe1 Nf6 26. f4 Nd7 27. Nf3 Rfe8 28.
Kh2 Nf8 29. d5 Ra6 30. Rg1 c6 31. Bd4 g6 32. dxc6 Rxc6 33. Ne5 Qxd4 34. Nxc6 Qf6
35. Nb4 Qxf4+ 36. Kh1 Qd6 37. Qd2 Rxe4 38. Nc2 Rh4 39. Kg2 Ne6 40. Ne3 Nf4+ 41.
Kf1 Rxh3 0-1

[Event "TCh-NOR Elite 2023-24"]
[Site "Oslo NOR"]
[Date "2023.10.27"]
[Round "1.34"]
[White "Schouten, Mathias Lind"]
[Black "Tallaksen, Levi Andre"]
[Result "0-1"]
[BlackTitle "FM"]
[WhiteElo "2292"]
[BlackElo "2312"]
[WhiteTeam "Tromso"]
[BlackTeam "Stavanger"]
[WhiteFideId "1532790"]
[BlackFideId "1505785"]
[EventDate "2023.10.27"]
[EventType "team"]

1. d4 d5 2. c4 c6 3. Nc3 Nf6 4. Nf3 dxc4 5. a4 Bf5 6. e3 e6 7. Bxc4 Bb4 8. O-O
O-O 9. Qe2 c5 10. Na2 Nc6 11. Nxb4 cxb4 12. Bd2 Qb6 13. Rfc1 Rfd8 14. h3 h6 15.
Qe1 Ne4 16. Bb5 Na5 17. Bxb4 Nb3 18. Ra3 Nxc1 19. Ba5 Ne2+ 20. Kf1 Qd6 21. Bxd8
N4g3+ 22. fxg3 Nxg3+ 23. Kg1 Rxd8 24. Ne5 Ne4 25. Bd3 f6 26. Nf3 Rc8 27. Ra1 Qc6
28. Qb4 Qc7 29. Rd1 a5 30. Qe1 Qb6 31. Rc1 Rxc1 32. Qxc1 Qb3 33. Qc2 Qxc2 34.
Bxc2 Kf7 35. Bxe4 Bxe4 36. Nd2 Bd3 37. e4 Ke7 38. Kf2 Bc2 39. Ke3 f5 40. exf5
Bxa4 41. g4 exf5 42. gxf5 Bc2 43. Kf4 b5 44. Ke5 a4 45. d5 Bd3 46. Nf3 b4 47.
Nd2 a3 48. bxa3 bxa3 49. Nb3 Bc4 50. Na1 a2 51. h4 Be2 52. Nc2 Bd1 53. Na1 Kd7
54. d6 Bh5 55. Nc2 Be8 56. Na1 Kc6 57. Nc2 Kc5 58. Ke6 Kc4 59. Ke7 Bc6 60. Kf7
Kc3 61. Na1 Kb2 62. Kxg7 Kxa1 63. f6 Kb1 64. f7 a1=Q+ 65. Kg8 Bd5 66. d7 Qf6 67.
d8=Q Qxd8+ 0-1

[Event "TCh-NOR Elite 2023-24"]
[Site "Oslo NOR"]
[Date "2023.10.27"]
[Round "1.35"]
[White "Kizatbay, Abyl"]
[Black "Myagmarsuren, Evsuld"]
[Result "1-0"]
[WhiteElo "2177"]
[BlackElo "2138"]
[WhiteTeam "Stavanger"]
[BlackTeam "Tromso"]
[WhiteFideId "1521853"]
[BlackFideId "1551639"]
[EventDate "2023.10.27"]
[EventType "team"]

1. e4 c5 2. Nf3 d6 3. Bb5+ Nd7 4. d4 cxd4 5. Qxd4 a6 6. Bxd7+ Bxd7 7. Nc3 e5 8.
Qd3 Rc8 9. O-O h6 10. Rd1 Nf6 11. Nd2 Bg4 12. f3 Be6 13. Nf1 Qc7 14. Ne3 Be7 15.
a4 O-O 16. Bd2 Bc4 17. Nxc4 Qxc4 18. Be3 Qxd3 19. Rxd3 Rc6 20. a5 Rfc8 21. Kf1
Kf8 22. Ke1 Ke8 23. Kd1 Bd8 24. Rd2 Kf8 25. Bf2 Kg8 26. Ne2 Kf8 27. b3 Nd7 28.
h4 Nc5 29. g3 Ne6 30. Ra2 Ke8 31. Be3 g5 32. h5 f6 33. Rd3 Ng7 34. g4 Ne6 35.
Ng3 Ng7 36. c4 Ke7 37. Ke2 Ke6 38. Rd1 Ke7 39. Rda1 Ke6 40. Ra4 Kd7 41. Rb4 Kc7
42. Kd2 Kb8 43. Rba4 Kc7 44. Kd3 Kd7 45. R1a2 Rb8 46. Rb4 Kc7 47. Bb6+ Kc8 48.
Ba7 Ra8 49. Be3 Rb8 50. Nf5 Nxf5 51. exf5 Be7 52. Rba4 Kd7 53. Ke4 Rbc8 54. Kd5
Bf8 55. Rb4 R8c7 56. Bb6 Rc8 57. Ba7 R6c7 58. Be3 Re8 59. Rb6 Kc8 60. b4 e4 61.
f4 gxf4 62. Bxf4 e3 63. Re2 Rg7 64. Rxe3 Rxe3 65. Bxe3 Rxg4 66. b5 axb5 67. cxb5
Rg3 68. Bd4 Rf3 69. Ke6 Rd3 70. Bxf6 d5 71. a6 bxa6 72. bxa6 Ra3 73. Be5 Bd6 74.
Bxd6 Re3+ 75. Be5 1-0

[Event "TCh-NOR Elite 2023-24"]
[Site "Oslo NOR"]
[Date "2023.10.27"]
[Round "1.36"]
[White "Machlik, Monika"]
[Black "Fossan, Aleksander"]
[Result "1/2-1/2"]
[WhiteElo "2071"]
[BlackElo "2138"]
[WhiteTeam "Tromso"]
[BlackTeam "Stavanger"]
[WhiteFideId "1513621"]
[BlackFideId "1519794"]
[EventDate "2023.10.27"]
[EventType "team"]

1. d4 Nf6 2. c4 e6 3. Nc3 Bb4 4. e3 d5 5. Qa4+ Nc6 6. Bd2 O-O 7. Nf3 Qe7 8. Bd3
a6 9. O-O dxc4 10. Bxc4 Na5 11. Bd3 b5 12. Qc2 Bb7 13. e4 Nc4 14. e5 Nxd2 15.
Nxd2 Nd5 16. Bxh7+ Kh8 17. Nxd5 Bxd5 18. Be4 Bxd2 19. Bxd5 Rad8 20. Bb7 Rxd4 21.
Bxa6 Qd7 22. Qc5 Rb8 23. Qa7 Qd8 24. Rad1 Rb6 25. b3 Bc3 26. Rxd4 Bxd4 27. Bb7
b4 28. Bf3 Bxe5 29. Rd1 Rd6 30. Rxd6 Bxd6 31. g3 Qf6 32. Kg2 g6 33. Qe3 Kg7 34.
Qe2 Qd4 35. Qc2 e5 36. Bc6 Bc5 37. Qe2 f5 38. h4 e4 39. Bb5 Bd6 40. Qc4 Qc3 41.
Qe2 Qe5 42. Bc6 Qc3 43. Bb5 c6 44. Bc4 Qe5 45. Qd2 c5 46. Qd5 Qxd5 1/2-1/2

[Event "TCh-NOR Elite 2023-24"]
[Site "Oslo NOR"]
[Date "2023.10.27"]
[Round "1.41"]
[White "Romanov, Evgeny"]
[Black "Bern, Ivar"]
[Result "1-0"]
[WhiteTitle "GM"]
[BlackTitle "IM"]
[WhiteElo "2596"]
[BlackElo "2301"]
[WhiteTeam "Valerenga"]
[BlackTeam "Bergens"]
[WhiteFideId "4148843"]
[BlackFideId "1500171"]
[EventDate "2023.10.27"]
[EventType "team"]

1. d4 f5 2. g3 Nf6 3. Bg2 e6 4. c4 d5 5. Nh3 c6 6. O-O Bd6 7. Nc3 O-O 8. Qc2 Na6
9. a3 Qe8 10. b4 b5 11. c5 Bc7 12. Nf4 Ne4 13. Nd3 Nb8 14. f3 Nxc3 15. Qxc3 Nd7
16. Bf4 Bxf4 17. Nxf4 e5 18. dxe5 Qxe5 19. Qxe5 Nxe5 20. a4 bxa4 21. Rxa4 a6 22.
Nd3 Nxd3 23. exd3 f4 24. Re1 Bf5 25. Bf1 fxg3 26. hxg3 d4 27. f4 Rf6 28. Re5 g6
29. Kf2 Kf7 30. Ke2 h6 31. Bg2 g5 32. Bxc6 Bxd3+ 33. Kxd3 Rxc6 34. b5 Rf6 1-0